|
|
|
|
| LEADER |
00844cam a2200229 7i4500 |
| 001 |
0000036645 |
| 005 |
20210504090000.0 |
| 007 |
##ta |
| 008 |
210504s2013 my may |
| 040 |
# |
# |
|a MATR
|
| 090 |
0 |
0 |
|a MAT 657
|b PER
|
| 245 |
2 |
0 |
|a PERATURAN PERAKAUNAN DAN KEWANGAN PERBADANAN PEMBANGUNAN PERDAGANGAN LUAR MALAYSIA (MATRADE) :
|b Berkuat kuasa 1 Januari 2013.
|
| 264 |
# |
4 |
|a ♭.
|
| 264 |
# |
0 |
|a Kuala Lumpur:
|b MATRADE,
|c 2013.
|
| 300 |
# |
# |
|a 220 pages:
|b illustrations;
|c 26 cm.
|
| 336 |
# |
# |
|a text
|2 rdacontent
|
| 337 |
# |
# |
|a unmediated
|2 rdamedia
|
| 338 |
# |
# |
|a volume
|2 rdacarrier
|
| 504 |
# |
# |
|a Includes bibliographical references and index
|
| 650 |
1 |
0 |
|a Finance, Public --
|x Accounting --
|z Malaysia
|
| 999 |
|
|
|a 0000041141
|b Book
|c MATRADEs Collection
|e Business Information Centre
|
| 999 |
|
|
|a 0000041140
|b Book
|c MATRADEs Collection
|e Business Information Centre
|